书目信息 |
| 题名: |
“一个国家,两种制度”文献和资料丛书
|
|
| 作者: | ;中共中央统一战线工作部研究所 , 中共中央统一战线工作部三局 编 | |
| 分册: | 第三辑 美国方面的有关文件资料和言论 | |
| 出版信息: | 北京 中国文史出版社 1988.8 |
|
| 页数: | 188页 | |
| 开本: | 19cm | |
| 丛书名: | ||
| 单 册: | ||
| 中图分类: | D62 , D618 | |
| 科图分类: | ||
| 主题词: | 政治--中国 | |
| 电子资源: | ||
| ISBN: | 7-5034-0027-7 | |
| 000 | 01240nam0 2200277 45 | |
| 001 | 0189021477 | |
| 005 | 20040308091505.4 | |
| 010 | @a7-5034-0027-7@dCNY24.00 | |
| 020 | @aCN@b89021477 | |
| 100 | @a19910905d1988 m y0chiy0120 ea | |
| 101 | 0 | @achi |
| 102 | @aCN@b110000 | |
| 105 | @ay z 000yy | |
| 106 | @ar | |
| 200 | 11 | @a“一个国家,两种制度”文献和资料丛书@A“ yi ge guo jia , liang zhong zhi du ” wen xian he zi liao cong shu@h第三辑@i美国方面的有关文件资料和言论@Imei guo fang mian de you guan wen jian zi liao he yan lun@f中共中央统一战线工作部研究所,中共中央统一战线工作部三局编@Fzhong gong zhong yang tong yi zhan xian gong zuo bu yan jiu suo , zhong gong zhong yang tong yi zhan xian gong zuo bu san ju bian |
| 210 | @a北京@c中国文史出版社@d1988.8 | |
| 215 | @a188页@d19cm | |
| 300 | @a内部发行 | |
| 540 | 1 | @a一个国家 种制度@Ayi ge guo jia liang zhong zhi du |
| 606 | 0 | @a政治@x中国 |
| 690 | @aD62@v1980 | |
| 690 | @aD618 | |
| 711 | 02 | @a中共中央统一战线工作部研究所@Azhong gong zhong yang tong yi zhan xian gong zuo bu yan jiu suo@4编 |
| 711 | 02 | @a中共中央统一战线工作部三局@Azhong gong zhong yang tong yi zhan xian gong zuo bu san ju@4编 |
| 801 | 0 | @aCN@bNLC@c19910905 |
| 905 | @f1@b213966@dD618@e32:3 | |
| “一个国家,两种制度”文献和资料丛书.第三辑.美国方面的有关文件资料和言论/中共中央统一战线工作部研究所,中共中央统一战线工作部三局编.-北京:中国文史出版社,1988.8 |
| 188页;19cm |
| 内部发行 |
| ISBN 7-5034-0027-7:CNY24.00 |
| ● |
| 相关链接 |
|
|
|
|
正题名:"一个国家,两种制度"文献和资料丛书
索取号:D618/32:3
 
预约/预借
| 序号 | 登录号 | 条形码 | 馆藏地/架位号 | 状态 | 备注 |
| 1 | 0213966 | 001899887 | 密集书库/ [索取号:D618/32:3] | 在馆 |